| 000 | 00846cam a22002533a 4500 | ||
|---|---|---|---|
| 001 | 14206 | ||
| 003 | PGUSA | ||
| 005 | 20140828083314.0 | ||
| 008 | 041129s2004||||xxu|||||s|||||000 1 eng d | ||
| 040 |
_aPGUSA _beng |
||
| 042 | _adc | ||
| 050 | 4 | _aPR | |
| 100 | 1 |
_aQuiller-Couch, Arthur, _d1863-1944 |
|
| 245 | 1 | 0 |
_aI Saw Three Ships and Other Winter Tales _h[electronic resource] / _cArthur Quiller-Couch |
| 260 |
_bProject Gutenberg, _c2004 |
||
| 505 | 0 | _aI saw three ships -- The haunted dragoon -- A blue pantomime -- The two householders -- The disenchantment of 'Lizabeth. | |
| 506 | _aPublic domain in the USA. | ||
| 516 | _aElectronic text | ||
| 653 | _aManners and customs -- Fiction | ||
| 653 | _aShort stories, English | ||
| 830 | 0 |
_aProject Gutenberg _v14206 |
|
| 856 | 4 | 0 | _uhttp://www.gutenberg.org/ebooks/14206 |
| 942 | _cEB | ||
| 999 |
_c243461 _d243461 |
||